Saldos de las Reformas de 1992 al Artc̕ulo 27 Constitucional

Detalles Bibliográficos
Autor principal: Robles Berlanga, Hčtor Manuel
Formato: eBook
Lenguaje:español
Publicado: Ciudad de Mx̌ico: Cm̀ara de Diputados, 2008
Materias:
Acceso en línea:Acceso restringido

MARC

LEADER 00000nam a22000007a 4500
005 2018033100220.0
007 cr|||| ||||
008 180331s2008 mx |||||s||||f00||0 spa d
035 |a 21244 
040 |a vLex 
090 |c 7621  |d 7621 
100 1 |a Robles Berlanga, Hčtor Manuel 
245 1 0 |a Saldos de las Reformas de 1992 al Artc̕ulo 27 Constitucional  |h [Recurso electrn̤ico] /  |c Hčtor Manuel Robles Berlanga 
256 |a Servicio en ln̕ea 
260 |a Ciudad de Mx̌ico:  |b Cm̀ara de Diputados,  |c 2008 
300 |a 1 recurso electrn̤ico 
506 1 |a Disponible solo en los productos indicados  |d vLex Global  |d vLex Global (Academic Edition, excluding Law Schools)  |d vLex Global (U.S. Academic Edition, Law Schools)  |d vLex Global (U.S. Academic Edition, excluding Law Schools)  |d vLex Global (Academic Edition, Law Schools) 
650 0 4 |a Ciencias sociales  |z Mx̌ico 
740 0 |a vLex Libros (Servicio en ln̕ea) 
856 4 0 |u http://vlex.com/source/saldos-reformas-1992-articulo-27-constitucional-21244  |z Acceso restringido 
942 |c BOOK 
999 0 |a Social Sciences